Shattered /

With an ailing mother to support, attorney Lisa Shewmaker takes a job as a research assistant to District Attorney Scott Buchanan. While reviewing cold cases in the Fayette County courthouse, she comes across photos that may help her uncover details about her mysterious past. But when a series of ca...

Full description

Bibliographic Details
Main Author: Robards, Karen
Format: Book
Language:English
Published: New York : G.P. Putnam's Sons, [2010]
Subjects:

MARC

Tag First Indicator Second Indicator Subfields
LEADER 00000cam a2200000 a 4500
001 in00002593117
005 20151201114723.0
008 100105s2010 nyu 000 1 eng
010 |a  2010000244 
020 |a 9780399156274 
020 |a 0399156275 
029 1 |a AU@  |b 000045001983 
029 1 |a NZ1  |b 13226382 
035 |a (OCoLC)ocn426802126 
035 |a (OCoLC)426802126 
040 |a DLC  |c DLC  |d BTCTA  |d NSB  |d WSW  |d DOV  |d UPZ  |d MLY  |d C#P  |d YDXCP  |d UtOrBLW 
043 |a n-us-ky 
049 |a TXAM 
050 0 0 |a PS3568.O196  |b S53 2010 
082 0 0 |a 813/.54  |2 22 
100 1 |a Robards, Karen. 
245 1 0 |a Shattered /  |c Karen Robards. 
264 1 |a New York :  |b G.P. Putnam's Sons,  |c [2010] 
264 4 |c ©2010 
300 |a 388 pages ;  |c 24 cm. 
336 |a text  |b txt  |2 rdacontent 
337 |a unmediated  |b n  |2 rdamedia 
338 |a volume  |b nc  |2 rdacarrier 
520 |a With an ailing mother to support, attorney Lisa Shewmaker takes a job as a research assistant to District Attorney Scott Buchanan. While reviewing cold cases in the Fayette County courthouse, she comes across photos that may help her uncover details about her mysterious past. But when a series of catastrophes strike close to home, Lisa confides in Scott, and their relationship develops into something completely different. Together Lisa and Scott unravel a terrifying web of criminal connections that could destroy the very fabric of Lisa's life--if she lives long enough, that is. 
650 0 |a Young women  |v Fiction. 
650 0 |a Cold cases (Criminal investigation)  |v Fiction. 
650 0 |a Family secrets  |v Fiction. 
655 7 |a Romantic suspense fiction.  |2 gsafd 
938 |a Baker and Taylor  |b BTCP  |n BK0008480255 
938 |a YBP Library Services  |b YANK  |n 3132488 
948 |a cataloged  |b h  |c 2010/4/7  |d c  |e ceaton  |f 10:57:03 am 
994 |a C0  |b TXA 
999 |a MARS 
999 f f |s a7b053b3-2f2d-372a-b7f1-758cda8b50f9  |i 97586aeb-0bdf-34f8-a782-5a10b2efa882  |t 0 
952 f f |p normal  |a Texas A&M University  |b College Station  |c Sterling C. Evans Library  |d Evans: Library Stacks  |t 0  |e PS3568.O196 S53 2010  |h Library of Congress classification  |i unmediated -- volume  |m A14839040393 
998 f f |a PS3568.O196 S53 2010  |t 0  |l Evans: Library Stacks